| 000 | 00917nam2a22002531 4500 | ||
|---|---|---|---|
| 001 | RU\NLR\INFOCOMM7\1000068883 | ||
| 005 | 20250617000912.0 | ||
| 035 | _a(NLR Aleph) 002302697 | ||
| 090 |
_a4241156 _c4241156 |
||
| 100 | _a20040913d1992 |||y0rusy50 ca | ||
| 101 | 0 | _arus | |
| 102 | _aRU | ||
| 105 | _ay ||||||||| | ||
| 200 | 1 |
_aЭкспертные системы в робототехнике _fА.М. Петрина |
|
| 210 |
_d1992 _aБ. м. |
||
| 461 | 0 |
_1001RU\NLR\INFOCOMM7\1000068881 _12001#$aПромышленные роботы и манипуляторы$fВИНИТИ$vТ.2 _94241137 _cМ. _d1988- _fВИНИТИ _tПромышленные роботы и манипуляторы _x0235-2257 _vТ.2 |
|
| 700 | 1 |
_aПетрина _bА.М. _4070 |
|
| 801 | 1 |
_aRU _bInfoComm _c20040913 |
|
| 801 | 0 |
_aRU _bNLR _gPSBO |
|
| 852 |
_aNLR _jП10/6583 |
||
| 942 | _cISSUE | ||
| 980 | _aNB | ||
| 980 | _aRUSPER | ||